Airport codes (IATA) - Statistics

General Stats
  • This quiz has been taken 90 times
  • The average score is 20 of 30
Answer Stats
AIRPORT IATA % Correct
Amsterdam AMS
95%
Frankfurt FRA
93%
Madrid MAD
91%
Istanbul IST
89%
Warsaw WAW
86%
Atlanta ATL
85%
New York - John F. Kennedy JFK
85%
Los Angeles LAX
85%
Singapore SIN
85%
Cairo CAI
83%
Sydney SYD
83%
London - Heathrow LHR
80%
Bogota BOG
76%
Paris CDG
76%
Las Vegas LAS
76%
Cape Town CPT
71%
Bangkok BKK
70%
Dubai International DXB
70%
Hong Kong HKG
70%
Barcelona BCN
68%
Tokyo - Narita NRT
65%
Rome - Fiumicino FCO
61%
Toronto YYZ
58%
Chicago-O’Hare ORD
55%
Abu Dhabi AUH
48%
Rio de Janeiro GIG
40%
Moscow - Sheremetyevo SVO
39%
Shanghai - Pudong PVG
35%
Kiev - Boryspil KBP
28%
Ad-Dauha DIA
5%
No matching quizzes found
Score Distribution
Percent of People with Each Score
Percentile by Number Answered
Your Score History
You have not taken this quiz